Confessions of St.Augustine (Record no. 283)

MARC details
000 -LEADER
fixed length control field 00509nam a2200217 a 4500
020 ## - INTERNATIONAL STANDARD BOOK NUMBER
ISBN
082 00 - DEWEY DECIMAL CLASSIFICATION NUMBER
Classification number 201
Author Cutter AUG
100 ## - MAIN ENTRY--AUTHOR NAME
Author name Augustine, St
245 ## - TITLE STATEMENT
Title Confessions of St.Augustine
260 ## - PUBLICATION, DISTRIBUTION, ETC. (IMPRINT)
Place of publication London
Name of publisher Blackie and Son
Year of publication 0000
300 ## - PHYSICAL DESCRIPTION
Number of Pages 314p
500 ## - GENERAL NOTE
General note includes index and biblioraphy
650 ## - SUBJECT ADDED ENTRY--TOPICAL TERM
Topical Term Saint Augustine
942 ## - ADDED ENTRY ELEMENTS (KOHA)
Koha item type Books
Holdings
Collection code Home library Current library Date acquired Cost, normal purchase price Full call number Accession Number Koha item type
  Henry Martyn Institute Library Henry Martyn Institute Library 04/05/2007 50.00 201 AUG 03957 Books
                   Copyright © 2026 | Henry Martyn Institute | Hyderabad | TS-500052 | INDIA | Implemented by hmi.edu.in
Hit-Count:

Powered by Koha